000 00578cam a2200145 4500500
005 20251228082905.0
041 _afre
042 _adc
100 1 0 _aVittu, Jean-Pierre
_eauthor
245 0 0 _aDu Journal des savants aux Mémoires pour l'histoire des sciences et des beaux-arts : l'esquisse d'un système européen des périodiques savants
260 _c2005.
500 _a56
786 0 _nDix-septième siècle | 228 | 3 | 2005-09-01 | p. 527-545 | 0012-4273
856 4 1 _uhttps://shs.cairn.info/revue-dix-septieme-siecle-2005-3-page-527?lang=fr&redirect-ssocas=7080
999 _c1600017
_d1600017